Gabinete Literario: (Record no. 112103)

MARC details
000 -LEADER
campo de control de longitud fija 00610nam a2200193 4500
001 - NÚMERO DE CONTROL
campo de control 112103
003 - IDENTIFICADOR DE NÚMERO DE CONTROL
campo de control ES-MaACL
005 - FECHA Y HORA DE LA ÚLTIMA TRANSACCIÓN
campo de control 20230906185437.0
007 - CAMPO FIJO DE DESCRIPCIÓN FÍSICA--INFORMACIÓN GENERAL
campo de control de longitud fija t|
008 - DATOS DE LONGITUD FIJA--INFORMACIÓN GENERAL
campo de control de longitud fija 061121s1962 sp r ||||1| spa d
080 ## - NÚMERO DE LA CLASIFICACIÓN DECIMAL UNIVERSAL
Número de la Clasificación Decimal Universal 001.32(460.413 P.)
100 1# - ENTRADA PRINCIPAL--NOMBRE DE PERSONA
Nombre de persona Navarro Navarro, Domingo.
9 (RLIN) 85154
245 10 - MENCIÓN DEL TÍTULO
Título Gabinete Literario:
Resto del título ¡cómo te recuerdo! /
Mención de responsabilidad, etc. Domingo Navarro Navarro.
260 ## - PUBLICACIÓN, DISTRIBUCIÓN, ETC.
Lugar de publicación, distribución, etc. Madrid :
Nombre del editor, distribuidor, etc. [s.n.],
Fecha de publicación, distribución, etc. 1962 (
Fabricante Gráf. Montesa)
300 ## - DESCRIPCIÓN FÍSICA
Extensión 203 p. :
Otras características físicas il ;
Dimensiones 25 cm.
610 24 - PUNTO DE ACCESO ADICIONAL DE MATERIA--NOMBRE DE ENTIDAD CORPORATIVA
Nombre de entidad corporativa o nombre de jurisdicción como elemento de entrada Gabinete Literario de Las Palmas de Gran Canaria.
9 (RLIN) 158649
852 4# - LOCALIZACIÓN
Ubicación ES-MaACL
Número de control de estantería C-23453
852 4# - LOCALIZACIÓN
Ubicación ES-MaACL
Número de control de estantería C-25245
Holdings
Estatus retirado Estado de pérdida Estado de daño No para préstamo Biblioteca de origen Biblioteca actual Ubicación en estantería Fecha de adquisición Fuente de adquisición Total de préstamos Signatura topográfica completa Código de barras Visto por última vez Precio de reemplazo Tipo de ítem Koha
        Biblioteca del Ateneo de Madrid Biblioteca del Ateneo de Madrid Depósito 2 10/11/2021     C-25245 1202730 23/02/2023 23/02/2023 Libro impreso
        Biblioteca del Ateneo de Madrid Biblioteca del Ateneo de Madrid Depósito 2 17/01/2008     C-23453 1116935 23/02/2023 23/02/2023 Libro impreso